Normal view
MARC view
Entry Personal Name
001 - CONTROL NUMBER
- control field: 348066
003 - CONTROL NUMBER IDENTIFIER
- control field: OSt
005 - DATE AND TIME OF LATEST TRANSACTION
- control field: 20220926043626.0
008 - FIXED-LENGTH DATA ELEMENTS
- fixed length control field: 220926|| aca||aabn | a|a d
040 ## - CATALOGING SOURCE
- Original cataloging agency: OSt
- Transcribing agency: OSt
100 ## - HEADING--PERSONAL NAME
- Personal name: International Libraray of Sociology and social Reconstruction ed BY W J H Sprott
670 ## - SOURCE DATA FOUND
- Source citation: Work cat.: (OSt)672800: Myrdal Gunnar, Value in social theroy, 1958
